000 01655nam0a2200301 4500
001 RU\NLR\bibl\1731264
005 20260408013949.0
021 _aRU
_b2010-104407
_97051
035 _a(NLR Aleph) 001722214
090 _a1346963
_c1346963
100 _a20110203d2010 |||y0rusy50 ca
101 0 _arus
102 _aRU
105 _ay |||||||||
200 1 _aРазвитие волонтерского движения в России. Нормативно-правовой аспект
_eматериалы парламентских слушаний, 15 апреля 2010 года
_fФедер. собр. Рос. Федерации, Гос. Дума
_g[сост.: П.В. Тараканов и др.]
210 _aМосква
_cиздание Государственной Думы
_d2010
215 _a77, [2] с.
_d24
606 1 _aВолонтерская деятельность
_jСъезды, совещания и т.п.
_xПравовое регулирование
_yРоссийская Федерация
_92626765
_3RU\NLR\AUTH\661563325
686 _aХ621.159я431
686 _aУ27(2)68я431
702 1 _4220
_8rus
_7ca
_aТараканов
_bП. В.
_gПавел Владимирович
_3RU\NLR\auth\7777193
_960121
711 1 2 _aПарламентские слушания на тему "Развитие волонтерского движения в России. Нормативно-правовой аспект"
_f2010
_eМосква
_3RU\NLR\AUTH\8810176707
_9849595
801 0 _aRU
_bNLR
_c20110203
_gRCR
801 1 _aRU
_bNLR
_c20110203
942 _cBOOK
980 _aNB